Príprava na zavedenie eura do hotovostného peňažného obehu
Základné dokumenty v procese príprav na zavedenie eura v Slovenskej republike. Kalkulácia potrebného množstva eurobankoviek a euromincí. Predzásobenie eurobankovkami a mincami. Zavedenie eura do hotovostného peňažného obehu.
Salvato in:
| Autore principale: | |
|---|---|
| Natura: | Capitolo di libro |
| Lingua: | slovacco |
| Soggetti: | |
| Tags: |
Nessun Tag, puoi essere il primo ad aggiungerne!!
|
MARC
| LEADER | 00000naa$a2200000$$$4500 | ||
|---|---|---|---|
| 001 | 0096888 | ||
| 005 | 20231116085302.4 | ||
| 041 | 0 | |a slo | |
| 044 | |a SK | ||
| 245 | 1 | 0 | |a Príprava na zavedenie eura do hotovostného peňažného obehu |c Jozef Vrana |
| 520 | |a Základné dokumenty v procese príprav na zavedenie eura v Slovenskej republike. Kalkulácia potrebného množstva eurobankoviek a euromincí. Predzásobenie eurobankovkami a mincami. Zavedenie eura do hotovostného peňažného obehu. | ||
| 610 | 2 | 0 | |a euro |
| 610 | 2 | 0 | |a obeh peňažný |
| 610 | 2 | 0 | |a Slovensko |
| 610 | 2 | 0 | |a Európska menová únia |
| 610 | 2 | 0 | |a bankovníctvo |
| 610 | 2 | 0 | |a legislatíva |
| 100 | 1 | |a Vrana, Jozef | |